000 00529nam a2200193Ia 4500
005 20250326144933.0
008 250326s9999 xx 000 0 und d
020 _a0-415-22160-9
037 _aTextbook
040 _aFMSL
_beng
_cFMSL
041 _aeng
_2eng
084 _aX:8D P2
_qFMSL
100 _aPalmer P
_994040
245 0 _aFicial management in the voluntary sector
_cPalmer P; Randall A
260 _aNY
_bNY, Routledge
_c2002
300 _axv,304
942 _cTB
_hX:8D P2
999 _c1305705
_d1305705